Wallabies at the 2020 Tri Nations - Statistics

General Stats
  • This quiz has been taken 11 times
  • The average score is 17 of 32
Answer Stats
Position Player % Correct
Loose forward Harry Wilson
89%
Loose forward Michael Hooper
89%
Tighthead prop Allan Ala'alatoa
78%
Fly half James O'Connor
78%
Loosehead prop James Slipper
78%
Tighthead prop Taniela Tupou
78%
Loose forward Liam Wright
67%
Right wing Tom Wright
67%
Loosehead prop Angus Bell
56%
Hooker Brandon Paenga-Amosa
56%
Loose forward Fraser McReight
56%
Scrum half Jake Gordon
56%
Lock Lukhan Salakaia-Loto
56%
Scrum half Nic White
56%
Fly half Noah Lolesio
56%
Loosehead prop Scott Sio
56%
Hooker Folau Fainga'a
44%
Outside centre Hunter Paisami
44%
Hooker Jordan Uelese
44%
Loose forward Lachie Swinton
44%
Left wing Marika Koroibete
44%
Lock Matt Philip
44%
Lock Rob Simmons
44%
Scrum half Tate McDermott
44%
Fullback Dane Haylett-Petty
33%
Right wing Filipo Daugunu
33%
Inside centre Jordan Petaia
33%
Loose forward Ned Hanigan
33%
Fly half Reece Hodge
33%
Fullback Tom Banks
33%
Inside centre Irae Simone
22%
Loose forward Rob Valetini
22%
No matching quizzes found
Score Distribution
Percent of People with Each Score
Percentile by Number Answered
Your Score History
You have not taken this quiz